| 000 | 03581nam a2200325 a 4500 | ||
|---|---|---|---|
| 003 | OSt | ||
| 005 | 20250925114327.0 | ||
| 007 | cr ||||||a|a|a | ||
| 008 | 250826s2025 mx a|||fom||| 001 0 spa d | ||
| 040 | _erda | ||
| 100 | 1 |
_aDávila Pérez, Ludwig Ramón _9190987 |
|
| 245 | 1 | 0 |
_aPropuesta para el manejo intensivo de Ambytoma Leorae, en la estación forestal experimental Zoquiapan-Chapingo/ _cpor Ludwig Ramón Dávila Pérez; director de tesis Beatriz Aguilar Valdez; secretario Andrés Gelacio Miranda Moreno; vocal Leopoldo Mohedano Caballero; suplente José Tulio Méndez Montiel; suplente Issac Ramírez Barraza. |
| 264 | 1 |
_aChapingo, México : _bEl autor, _c2025. |
|
| 300 |
_a1 recurso en línea (117 páginas): _bcuadros, figuras. |
||
| 336 |
_2rdacontent _atexto _btxt |
||
| 337 |
_2rdamedia _acomputadora _bc |
||
| 338 |
_2rdacarrier _arecurso en línea _bcr |
||
| 502 |
_bIF _bIF _d2025. _gLIC |
||
| 504 | _aIncluye referencias bibliográficas: páginas 77-86. | ||
| 520 | _aAmbystoma leorae es una especie restringida al Parque Nacional Iztaccíhuatl-Popocatépetl a lo largo del límite del Estado de México con Puebla. Se encuentra en arroyos y pozas en altitudes superiores a los 3,000 msnm, en la parte norte de la Sierra Nevada, específicamente en los alrededores del poblado de Río Frío y en el Monte Tláloc, dentro de los municipios de Tlalmanalco e Ixtapaluca (Frost, 2019). Esta especie se encuentra en la NOM-059-SEMARNAT-2010 con la categoría de Amenazada (A); y de acuerdo con la Lista Roja de la Unión Internacional para la Conservación de la Naturaleza está en la categoría de En Peligro Crítico (Cr). Debido a lo anterior es importante que se sumen esfuerzos para la protección, desarrollo y conservación de la especie. En este trabajo de investigación se presenta una propuesta de manejo integral para la conservación de Ambystoma leorae, una especie afectada por graves problemas ecológicos como la deforestación, el sobrepastoreo, y la sobreexplotación de acuíferos. Debido a la falta de estudios y acciones de conservación específicas, la propuesta busca desarrollar e implementar estrategias para preservar y conservar la especie mediante el manejo en condiciones ex situ dentro de la Estación Forestal Experimental Zoquiapan de la Universidad Autónoma Chapingo, sitio que cuenta con las características necesarias para el desarrollo de esta especie. Las estrategias incluyen una propuesta de infraestructura según las necesidades de la especie de interés, con esta información se desarrolló un programa de manejo para la conservación, reproducción y promover el conocimiento sobre la importancia de estos individuos dentro del ANP. Se espera que estas acciones contribuyan a la recuperación de la población de Ambystoma leorae y proporcionen una base sólida para futuros estudios. La propuesta subraya la importancia de estas medidas para garantizar la conservación efectiva y la sostenibilidad ecológica de la especie." | ||
| 650 | 4 |
_aAjolote de río _xConservación _9191245 |
|
| 650 | 4 |
_aAjolote de río _xReproducción _9191244 |
|
| 700 | 1 |
_aAguilar Valdez, Beatriz Cecilia _9190689 _edirector. |
|
| 700 | 1 |
_aMiranda Moreno, Andrés Gelacio _976095 _esecretario. |
|
| 700 | 1 |
_aMohedano Caballero, Leopoldo _977285 _evocal. |
|
| 700 | 1 |
_aMéndez Montiel, José Tulio _976543 _esuplente. |
|
| 700 | 1 |
_aRamírez Barraza, Isaac _9136670 _esuplente. |
|
| 856 |
_zDESCARGAR PDF _uhttp://10.13.5.2/tesis/tl/0810254-6_DAVILA_PEREZ_LUDWIG%20RAMON.pdf |
||
| 942 |
_2Clasificación Universidad Autónoma Chapingo _cTD |
||
| 999 |
_c220852 _d220852 |
||